| 000 | 00736nam a22001817a 4500 | ||
|---|---|---|---|
| 005 | 20120410135810.0 | ||
| 020 |
_c150.00 _a8170283019 |
||
| 035 | _aA-987980 | ||
| 037 |
_b _adpl |
||
| 082 | _a338.9 | ||
| 100 |
_aसेन, अमर्त्य _944903 |
||
| 245 | 1 |
_aआर्थिक विषमताएं / _cअमर्त्य सेन |
|
| 260 |
_aदिल्ली _bराजपाल एण्ड संस _c2000 |
||
| 270 |
_a _b _e _k |
||
| 300 |
_a119पृ. _c22सेमी (सजिल्द) |
||
| 942 |
_adpl _cHN _k _2ddc _h338.9 _mसेनअ |
||
| 999 |
_c64801 _d64801 |
||